Theology of crisis / (Record no. 121074)
[ view plain ]
| 000 -LEADER | |
|---|---|
| fixed length control field | 00590cam a2200229Ii 4500 |
| 001 - CONTROL NUMBER | |
| control field | 4615411 |
| 003 - CONTROL NUMBER IDENTIFIER | |
| control field | ARRUPE |
| 005 - DATE AND TIME OF LATEST TRANSACTION | |
| control field | 20141003125954.0 |
| 008 - FIXED-LENGTH DATA ELEMENTS--GENERAL INFORMATION | |
| fixed length control field | 781020s1948 enk 001 0 eng d |
| 035 ## - SYSTEM CONTROL NUMBER | |
| System control number | (OCoLC)ocm04309618 |
| 035 ## - SYSTEM CONTROL NUMBER | |
| System control number | (NNC)4615411 |
| 040 ## - CATALOGING SOURCE | |
| Original cataloging agency | IEC |
| Transcribing agency | IEC |
| 098 ## - OTHER CLASSIFICATION SCHEMES (OCLC) | |
| Call number based on other classification scheme | RC71.2 |
| 300 ## - PHYSICAL DESCRIPTION | |
| Dimensions | 22 cm. |
| 100 1# - MAIN ENTRY--PERSONAL NAME | |
| Personal name | Simon, Ulrich E. |
| 9 (RLIN) | 12042 |
| 245 10 - TITLE STATEMENT | |
| Title | Theology of crisis / |
| Statement of responsibility, etc | by Ulrich Simon. |
| 260 ## - PUBLICATION, DISTRIBUTION, ETC. (IMPRINT) | |
| Place of publication, distribution, etc | London : |
| Name of publisher, distributor, etc | S.P.C.K., |
| Date of publication, distribution, etc | 1948. |
| 300 ## - PHYSICAL DESCRIPTION | |
| Extent | 244 p. ; |
| 500 ## - GENERAL NOTE | |
| General note | Includes index. |
| 650 #0 - SUBJECT ADDED ENTRY--TOPICAL TERM | |
| Topical term or geographic name as entry element | Dialectical theology. |
| 9 (RLIN) | 12043 |
| 942 ## - ADDED ENTRY ELEMENTS (KOHA) | |
| Source of classification or shelving scheme | Library of Congress Classification |
| Koha item type | Monograph ( Printed materials) |
| Withdrawn status | Lost status | Source of classification or shelving scheme | Damaged status | Not for loan | Collection code | Home library | Current library | Shelving location | Date acquired | Total Checkouts | Full call number | Barcode | Date last seen | Price effective from | Koha item type |
|---|---|---|---|---|---|---|---|---|---|---|---|---|---|---|---|
| Library of Congress Classification | Main Collection | ARRUPE LIBRARY | ARRUPE LIBRARY | Main Collection | 03/10/2014 | BT28.S596 | 46500003833 | 11/01/2017 | 03/10/2014 | Monograph ( Printed materials) |